| 000 | 00498nam a2200181 a 4500 | ||
|---|---|---|---|
| 001 | 1811 | ||
| 003 | CDMR | ||
| 005 | 20131128171117.0 | ||
| 008 | 130130s1977||||||||||||||||||||||||||||d | ||
| 040 |
_aCDMR _bcat _cCDMR |
||
| 100 | 1 |
_aBardin, Laurence _91353 |
|
| 245 | 1 | 0 |
_aL'analyse de contenu _cLaurence Bardin |
| 260 |
_aParis _c1977 _bPresses Universitaires de France |
||
| 300 | _a233 p. | ||
| 490 | 0 |
_aLe Psychologue _v69 |
|
| 650 | 0 | 4 |
_94097 _aAnàlisi de contingut (Comunicació) |
| 942 |
_cMON _2udc |
||
| 999 |
_c1811 _d1811 |
||